00353nam a2200133 a 45000010010000000030011000100080041000210350026000620820014000881000021001022450036001232600042001596500018002010000-8785ELIB.Books110520 1998  a(ELIB.Books)0000-8931 a224 bGow aGowan, Donald E. aTheology of the Prophetic Books bLondon: Westminister John Knox c1998 aOld Testament